| 000 | 01087nas a2200313 4500 | ||
|---|---|---|---|
| 001 | BR8708001 | ||
| 003 | BR-BrBNA | ||
| 005 | 20231205090956.0 | ||
| 007 | ta | ||
| 008 | 230509b bl.|||p| |||| 00| 00por d | ||
| 040 |
_aBR-BrBNA _bpor _cBiblioteca Nacional de Agricultura |
||
| 041 | _a(Pt) | ||
| 072 | _aL51 | ||
| 100 | 1 | _aCoelho, L.S.S. | |
| 100 | 1 | _aCosta, P.M.A. | |
| 100 | 1 | _aPereira, J.A.A. | |
| 100 | 1 | _aRostagno, H.S. | |
| 100 | 1 | _aBarbosa, H.P. | |
| 245 | 1 |
_aExigencia de lisina de suinos de 15 a 30 kg de peso vivo em racoes com dois niveis de energia e 17de proteina bruta _bParte de tese |
|
| 246 | 1 |
_aLysine requirements of swine from 15 to 30 kg live weight feed rations with two energy levels and 17crude protein _bPart of thesis |
|
| 650 | _aSUÍNO | ||
| 650 | _aRACAO | ||
| 650 | _aEXIGENCIA NUTRICIONAL | ||
| 650 | _aPROTEINA | ||
| 650 | _aLISINA | ||
| 773 | 0 |
_tRevista da Sociedade Brasileira de Zootecnia (Brazil) _xISSN 0100-4859 _g(Jan-Feb 1987), v. 16(1) p. 81-90 _wBR8708001 |
|
| 909 |
_a202311 _bLúcia _c55 _dLúcia Elande |
||
| 942 |
_2AGRIS _n0 _cANA |
||
| 999 |
_c121982 _d121982 |
||